Vázquez Mella / (Record no. 149503)

MARC details
000 -LEADER
campo de control de longitud fija 00850nam a2200229 i 4500
001 - NÚMERO DE CONTROL
campo de control 149503
003 - IDENTIFICADOR DE NÚMERO DE CONTROL
campo de control ES-MaACL
005 - FECHA Y HORA DE LA ÚLTIMA TRANSACCIÓN
campo de control 20231227145139.0
007 - CAMPO FIJO DE DESCRIPCIÓN FÍSICA--INFORMACIÓN GENERAL
campo de control de longitud fija t|
008 - DATOS DE LONGITUD FIJA--INFORMACIÓN GENERAL
campo de control de longitud fija 071023s1953 sp ||||1| spa d
100 1# - ENTRADA PRINCIPAL--NOMBRE DE PERSONA
Nombre de persona Vázquez de Mella y Fanjul, Juan,
Fechas asociadas al nombre 1861-1928
9 (RLIN) 113419
245 10 - MENCIÓN DEL TÍTULO
Título Vázquez Mella /
Mención de responsabilidad, etc. [Juan Vázquez de Mella ; estudio preliminar, selección y notas, Rafael Gambra] ; prólogo, Antonio Iturmendi Bañales.
260 ## - PUBLICACIÓN, DISTRIBUCIÓN, ETC.
Lugar de publicación, distribución, etc. Madrid :
Nombre del editor, distribuidor, etc. Dirección General de Información,
Fecha de publicación, distribución, etc. 1953.
300 ## - DESCRIPCIÓN FÍSICA
Extensión XV, 239 p. ;
Dimensiones 17 cm.
490 1# - MENCIÓN DE SERIE
Mención de serie Textos de doctrina política ;
Designación de volumen o secuencia 2
700 1# - ENTRADA AGREGADA--NOMBRE PERSONAL
Nombre de persona Gambra, Rafael.
9 (RLIN) 53775
700 1# - ENTRADA AGREGADA--NOMBRE PERSONAL
Nombre de persona Iturmendi Bañales, Antonio.
9 (RLIN) 65623
830 0# - PUNTO DE ACCESO ADICIONAL DE SERIE-TÍTULO UNIFORME
Título uniforme Textos de doctrina política ;
Designación de volumen o secuencia 2
9 (RLIN) 230746
852 ## - LOCALIZACIÓN
Ubicación ES-MaACL
Número de control de estantería C-7967
Sublocalización o colección R.36060
852 ## - LOCALIZACIÓN
Ubicación ES-MaACL
Número de control de estantería L-29959
Holdings
Estatus retirado Estado de pérdida Estado de daño No para préstamo Biblioteca de origen Biblioteca actual Ubicación en estantería Fecha de adquisición Fuente de adquisición Total de préstamos Signatura topográfica completa Código de barras Visto por última vez Precio de reemplazo Tipo de ítem Koha
        Biblioteca del Ateneo de Madrid Biblioteca del Ateneo de Madrid Depósito 2 06/02/2014     L-29959 1192636 23/02/2023 23/02/2023 Libro impreso
        Biblioteca del Ateneo de Madrid Biblioteca del Ateneo de Madrid Sala Palomar 17/01/2008     C-7967 1156012 23/02/2023 23/02/2023 Libro impreso